[Event "Iberoamerican-ch Rapid"]
[Site "Sant Boi"]
[Date "2023.12.09"]
[Round "1"]
[White "Arizmendi Martinez, Julen Luis"]
[Black "Mompel Ferruz, Xavier"]
[Result "1-0"]
[WhiteElo "2525"]
[BlackElo "2224"]
[PlyCount "92"]
[EventDate "2023.12.09"]
[EventType "swiss (rapid)"]
[EventRounds "9"]
[EventCountry "ESP"]
[SourceTitle "CB50_2023"]
[SourceDate "2023.12.13"]
[SourceVersion "1"]
[SourceVersionDate "2023.12.13"]
[SourceQuality "1"]

1. e4 c5 2. Nf3 d6 3. d4 cxd4 4. Nxd4 Nf6 5. Nc3 a6 6. g3 e5 7. Nb3 Be7 8. Bg2 Be6 9. 0-0 Nbd7 10. a4 b6 11. Re1 0-0 12. Nd2 Re8 13. Nf1 Qc7 14. Bg5 h6 15. Bxf6 Nxf6 16. Ne3 Bf8 17. Re2 Rac8 18. Rd2 Red8 19. Bf1 Qb7 20. Ned5 Bxd5 21. Nxd5 Nxd5 22. Rxd5 Rc5 23. Rxc5 bxc5 24. b3 a5 25. Qg4 d5 26. Rd1 d4 27. Bc4 Qd7 28. Qh5 Qe7 29. Rd3 Rd6 30. Qf5 Rc6 31. Bd5 g6 32. Qh3 Rc7 33. Rf3 Qe8 34. Rf6 Kg7 35. Ra6 Qc8 36. Qxc8 Rxc8 37. Ra7 h5 38. Rxf7+ Kh6 39. Ra7 Kg5 40. Rxa5 Be7 41. Ra6 Rb8 42. Bf7 Bf6 43. h4+ Kh6 44. Rxf6 Kg7 45. Rf3 Rf8 46. Kg2 Rh8 1-0

[Event "Copenhagen Killer Chess op"]
[Site "Copenhagen"]
[Date "2023.10.19"]
[Round "6"]
[White "Arizmendi Martinez, Julen Luis"]
[Black "Hector, Jonny"]
[Result "1-0"]
[WhiteElo "2515"]
[BlackElo "2436"]
[PlyCount "139"]
[EventDate "2023.10.14"]
[EventType "swiss"]
[EventRounds "9"]
[EventCountry "DEN"]
[SourceTitle "Mega2024 Update 01"]
[Source "Chessbase"]
[SourceDate "2023.11.12"]
[SourceVersion "1"]
[SourceVersionDate "2023.11.12"]
[SourceQuality "1"]

1. e4 e5 2. Nf3 Nc6 3. Bb5 f5 4. d3 fxe4 5. dxe4 Nf6 6. 0-0 d6 7. Nc3 Be7 8. Bc4 Na5 9. Bd3 Bg4 10. Nd5 0-0 11. Ne3 Bd7 12. b4 Nc6 13. b5 Na5 14. Bd2 b6 15. Bxa5 bxa5 16. a4 Kh8 17. Nd2 a6 18. c4 Qe8 19. Rc1 c6 20. b6 c5 21. Bc2 Rb8 22. Rb1 Qd8 23. Nd5 Nxd5 24. cxd5 Rxb6 25. Rxb6 Qxb6 26. Nc4 Qc7 27. Qd3 Kg8 28. g3 Bh3 29. Rb1 Rb8 30. f4 Rxb1+ 31. Bxb1 exf4 32. gxf4 Bd7 33. e5 g6 34. Qb3 Be8 35. Bc2 Qc8 36. e6 Qd8 37. Qb6 Qxb6 38. Nxb6 Bd8 39. Nc4 Bc7 40. Kg2 Kg7 41. Kg3 Kf6 42. h4 h6 43. Kg4 Kg7 44. Bb3 Kf6 45. Nb2 Bd8 46. Nc4 Bc7 47. Bc2 Kg7 48. h5 gxh5+ 49. Kh3 Kf6 50. Nd2 Kg7 51. f5 Bd8 52. Ne4 Be7 53. Bd1 c4 54. Bc2 c3 55. Bd1 h4 56. Kg4 h3 57. Kxh3 Bh5 58. Nxc3 Bxd1 59. Nxd1 Kf6 60. Kg4 Ke5 61. Ne3 Bg5 62. Kh5 Kf6 63. Ng4+ Kxf5 64. Nxh6+ Kf4 65. Ng8 Kf5 66. Nh6+ Kf4 67. Kg6 Bd8 68. Ng8 Ke5 69. e7 Bxe7 70. Nxe7 1-0

[Event "Andorra op 39th"]
[Site "Escaldes"]
[Date "2023.07.25"]
[Round "4"]
[White "Vestby Ellingsen, Mads"]
[Black "Arizmendi Martinez, Julen Luis"]
[Result "1/2-1/2"]
[WhiteElo "2358"]
[BlackElo "2501"]
[PlyCount "98"]
[EventDate "2023.07.22"]
[EventType "swiss"]
[EventRounds "9"]
[EventCountry "AND"]
[SourceTitle "CBM 215 Extra"]
[Source "ChessBase"]
[SourceDate "2023.09.30"]
[SourceVersion "1"]
[SourceVersionDate "2023.09.30"]
[SourceQuality "1"]

1. d4 d5 2. c4 e6 3. Nf3 Nf6 4. Nc3 Be7 5. Bf4 0-0 6. e3 c5 7. dxc5 Bxc5 8. Qc2 Nc6 9. a3 Re8 10. Bg5 d4 11. 0-0-0 e5 12. Nd5 b5 13. Bh4 Be6 14. Nxf6+ gxf6 15. cxb5 Na5 16. Kb1 Qd5 17. b4 Bf5 18. Bd3 e4 19. Qa2 Qxa2+ 20. Kxa2 exd3 21. bxc5 dxe3 22. fxe3 Rxe3 23. Nd4 Bg4 24. Bf2 Be6+ 25. Kb2 Re5 26. Kc3 Rxc5+ 27. Kb4 Nb7 28. Nxe6 Rc2 29. Nc5 a5+ 30. Ka4 Nxc5+ 31. Bxc5 Rc4+ 32. Kb3 Rxc5 33. Rxd3 Rxb5+ 34. Ka4 Rg5 35. Rg3 Rxg3 36. hxg3 Rd8 37. Kxa5 Rd3 38. a4 Rxg3 39. Rh2 Rb3 40. Ka6 Rb2 41. a5 Kg7 42. Rh5 Rxg2 43. Kb6 Kg6 44. Rc5 Rb2+ 45. Rb5 Re2 46. a6 Re6+ 47. Ka5 Re7 48. Rb7 Re5+ 49. Rb5 Re7 1/2-1/2

[Event "Alicante Easter op 7th"]
[Site "La Nucia"]
[Date "2023.04.07"]
[Round "4"]
[White "Liu, Zhaoqi"]
[Black "Arizmendi Martinez, Julen Luis"]
[Result "1/2-1/2"]
[WhiteElo "2301"]
[BlackElo "2494"]
[PlyCount "23"]
[EventDate "2023.04.05"]
[EventType "swiss"]
[EventRounds "9"]
[EventCountry "ESP"]
[SourceTitle "CBM 213 Extra"]
[Source "ChessBase"]
[SourceDate "2023.05.31"]
[SourceVersion "1"]
[SourceVersionDate "2023.05.31"]
[SourceQuality "1"]

1. c4 c5 2. Nc3 Nc6 3. g3 g6 4. Bg2 Bg7 5. a3 d6 6. Rb1 a5 7. d3 Nf6 8. e4 Bg4 9. f3 Bd7 10. Nge2 0-0 11. Be3 Ne8 12. 0-0 1/2-1/2

[Event "Alicante Easter op 7th"]
[Site "La Nucia"]
[Date "2023.04.06"]
[Round "2"]
[White "Garijo Perez, Hugo"]
[Black "Arizmendi Martinez, Julen Luis"]
[Result "0-1"]
[WhiteElo "2125"]
[BlackElo "2494"]
[PlyCount "101"]
[EventDate "2023.04.05"]
[EventType "swiss"]
[EventRounds "9"]
[EventCountry "ESP"]
[SourceTitle "CBM 213 Extra"]
[Source "ChessBase"]
[SourceDate "2023.05.31"]
[SourceVersion "1"]
[SourceVersionDate "2023.05.31"]
[SourceQuality "1"]

1. e4 e5 2. Nf3 Nc6 3. Bb5 a6 4. Ba4 Nf6 5. 0-0 Be7 6. Re1 b5 7. Bb3 d6 8. c3 Na5 9. Bc2 c5 10. d4 Qc7 11. d5 Nc4 12. b3 Nb6 13. a4 bxa4 14. bxa4 Nc4 15. Qe2 Na5 16. Na3 Bg4 17. Be3 0-0 18. h3 Bxf3 19. Qxf3 c4 20. Rab1 Nd7 21. Qe2 Rfc8 22. Rb4 h6 23. Reb1 Bg5 24. Bxg5 hxg5 25. Qe3 Qd8 26. Bd1 Nc5 27. Be2 Qf6 28. Bxc4 Qf4 29. Qxf4 gxf4 30. Be2 g6 31. g3 Kg7 32. Kg2 fxg3 33. fxg3 Rc7 34. Nc2 Nd7 35. c4 Nc5 36. Kf3 Raa7 37. Ke3 Rab7 38. Na3 Rxb4 39. Rxb4 f5 40. exf5 gxf5 41. Rb6 Rd7 42. Nc2 Rb7 43. Rxb7+ Naxb7 44. Nb4 a5 45. Nc6 Nxa4 46. Bd3 Kf6 47. g4 f4+ 48. Kf3 Nac5 49. Bc2 Kg5 50. Na7 a4 51. Nb5 0-1

[Event "Elllobregat op 3rd"]
[Site "Sant Boi de Llobregat"]
[Date "2022.12.05"]
[Round "6"]
[White "Arizmendi Martinez, Julen Luis"]
[Black "Bartel, Mateusz"]
[Result "0-1"]
[WhiteElo "2491"]
[BlackElo "2627"]
[PlyCount "68"]
[EventDate "2022.11.30"]
[EventType "swiss"]
[EventRounds "9"]
[EventCountry "ESP"]
[SourceTitle "CBM 211 Extra"]
[Source "ChessBase"]
[SourceDate "2023.01.31"]
[SourceVersion "1"]
[SourceVersionDate "2023.01.31"]
[SourceQuality "1"]

1. e4 e5 2. Nf3 Nc6 3. Bb5 a6 4. Ba4 Nge7 5. 0-0 Ng6 6. d4 exd4 7. Nxd4 Bc5 8. c3 0-0 9. Be3 Nce5 10. Bb3 d6 11. h3 Qh4 12. f4 Qg3 13. Qe2 Nc6 14. Qf2 Qxf2+ 15. Kxf2 Nxf4 16. Bxf4 Nxd4 17. cxd4 Bxd4+ 18. Kf3 Bxb2 19. Nd2 Bxa1 20. Rxa1 Be6 21. Rc1 Rac8 22. g4 Rfd8 23. Nc4 d5 24. Na5 dxe4+ 25. Kxe4 Re8 26. Kf3 Bxb3 27. axb3 Rcd8 28. Rc3 b6 29. Nc6 Rd7 30. Ne5 Rd5 31. Rxc7 h5 32. Nc4 Rd3+ 33. Kf2 hxg4 34. hxg4 Re4 0-1

[Event "Elllobregat op 3rd"]
[Site "Sant Boi de Llobregat"]
[Date "2022.12.02"]
[Round "3"]
[White "Tabatabaei, Mohammad Amin"]
[Black "Arizmendi Martinez, Julen Luis"]
[Result "1-0"]
[WhiteElo "2655"]
[BlackElo "2491"]
[PlyCount "106"]
[EventDate "2022.11.30"]
[EventType "swiss"]
[EventRounds "9"]
[EventCountry "ESP"]
[SourceTitle "CBM 211 Extra"]
[Source "ChessBase"]
[SourceDate "2023.01.31"]
[SourceVersion "1"]
[SourceVersionDate "2023.01.31"]
[SourceQuality "1"]

1. e4 e5 2. Nf3 Nc6 3. Bb5 a6 4. Ba4 Nf6 5. 0-0 Be7 6. Re1 b5 7. Bb3 d6 8. c3 0-0 9. h3 Na5 10. Bc2 c5 11. d4 Qc7 12. d5 Nc4 13. b3 Nb6 14. Be3 Bd7 15. a4 bxa4 16. bxa4 Nc4 17. Bc1 Rfb8 18. Qe2 Na5 19. Na3 c4 20. Be3 Rb2 21. Reb1 Rab8 22. Qd1 Rxb1 23. Rxb1 Rxb1 24. Qxb1 Nb3 25. Nd2 Bxa4 26. Ndxc4 Nc5 27. Bxa4 Nxa4 28. Qb4 Qd7 29. Na5 Nc5 30. Bxc5 dxc5 31. Qb7 Qxb7 32. Nxb7 Nxe4 33. Nc4 Nxc3 34. d6 Bxd6 35. Ncxd6 f6 36. Nxc5 a5 37. Kf1 a4 38. Nc4 h5 39. Ke1 g5 40. Kd2 Nd5 41. Nxa4 Nf4 42. Ne3 Kf7 43. Nc3 Ke6 44. Ne4 h4 45. Nc5+ Kf7 46. Nd3 Ng6 47. Ke2 Ke6 48. Nc5+ Kd6 49. Ne4+ Ke6 50. Ng4 Nf4+ 51. Kf1 Nh5 52. Ngxf6 Nxf6 53. Nxg5+ Kd5 1-0

[Event "ESP-chT Rapid"]
[Site "Toledo"]
[Date "2022.09.25"]
[Round "9"]
[White "Arizmendi Martinez, Julen Luis"]
[Black "Martinez Martin, Inigo"]
[Result "1-0"]
[WhiteElo "2488"]
[BlackElo "2157"]
[PlyCount "99"]
[EventDate "2022.09.24"]
[EventType "team-swiss (rapid)"]
[EventRounds "9"]
[EventCountry "ESP"]
[SourceTitle "CBM 210 Extra"]
[Source "ChessBase"]
[SourceDate "2022.11.30"]
[SourceVersion "1"]
[SourceVersionDate "2022.11.30"]
[SourceQuality "1"]
[WhiteTeam "Andreu Paterna"]
[BlackTeam "San Juan"]
[WhiteTeamCountry "ESP"]
[BlackTeamCountry "ESP"]

1. d4 c6 2. e4 d6 3. c4 Nf6 4. Nc3 g6 5. Nf3 Bg7 6. Be2 0-0 7. 0-0 Bg4 8. Be3 Nbd7 9. h3 Bxf3 10. Bxf3 e5 11. d5 c5 12. a3 a6 13. Be2 Re8 14. b4 b6 15. Qa4 Qc7 16. Qc6 Rec8 17. Qxc7 Rxc7 18. f3 b5 19. cxb5 cxb4 20. Na4 axb5 21. Bxb5 bxa3 22. Rxa3 Nc5 23. Bc6 Ra5 24. Rfa1 Nxa4 25. Rxa4 Rxa4 26. Rxa4 Rc8 27. Rb4 Bf8 28. g4 h6 29. Kf2 Kg7 30. Rb7 Ng8 31. Ke2 g5 32. Rb6 Be7 33. Ra6 Rb8 34. Bb6 Nf6 35. Kd3 h5 36. Kc4 hxg4 37. hxg4 Nh7 38. Bc7 Rb1 39. Ra7 Rf1 40. Bb8 Bf8 41. Be8 Rxf3 42. Kb4 Rf4 43. Kb5 Rxg4 44. Rxf7+ Kh8 45. Bd7 Rxe4 46. Rxh7+ Kxh7 47. Bf5+ Kh6 48. Bxe4 Kh5 49. Kc6 Kh4 50. Bxd6 1-0

[Event "ESP-chT Rapid"]
[Site "Toledo"]
[Date "2022.09.24"]
[Round "2"]
[White "Arizmendi Martinez, Julen Luis"]
[Black "Ingunza Curro, Andres"]
[Result "1-0"]
[WhiteElo "2488"]
[BlackElo "2347"]
[PlyCount "55"]
[EventDate "2022.09.24"]
[EventType "team-swiss (rapid)"]
[EventRounds "9"]
[EventCountry "ESP"]
[SourceTitle "CBM 210 Extra"]
[Source "ChessBase"]
[SourceDate "2022.11.30"]
[SourceVersion "1"]
[SourceVersionDate "2022.11.30"]
[SourceQuality "1"]
[WhiteTeam "Andreu Paterna"]
[BlackTeam "Tajamar"]
[WhiteTeamCountry "ESP"]
[BlackTeamCountry "ESP"]

1. d4 Nf6 2. c4 e6 3. Nc3 d5 4. cxd5 exd5 5. Bg5 Be7 6. e3 c6 7. Bd3 Nbd7 8. h3 h6 9. Bf4 0-0 10. Nf3 a5 11. Qc2 c5 12. 0-0 c4 13. Be2 Nb8 14. b3 cxb3 15. Qxb3 Nc6 16. Ne5 Bd6 17. Bf3 Ne7 18. Rfc1 g5 19. Bh2 h5 20. Na4 b5 21. Qxb5 g4 22. hxg4 hxg4 23. Be2 Rb8 24. Qd3 Bf5 25. Qd1 Ng6 26. Rc6 Ne4 27. Rxd6 Qxd6 28. Nxg4 1-0

[Event "ESP-chT Rapid"]
[Site "Toledo"]
[Date "2022.09.24"]
[Round "4"]
[White "Arizmendi Martinez, Julen Luis"]
[Black "Korobov, Anton"]
[Result "0-1"]
[WhiteElo "2488"]
[BlackElo "2671"]
[PlyCount "102"]
[EventDate "2022.09.24"]
[EventType "team-swiss (rapid)"]
[EventRounds "9"]
[EventCountry "ESP"]
[SourceTitle "CBM 210 Extra"]
[Source "ChessBase"]
[SourceDate "2022.11.30"]
[SourceVersion "1"]
[SourceVersionDate "2022.11.30"]
[SourceQuality "1"]
[WhiteTeam "Andreu Paterna"]
[BlackTeam "Silla 60 Aniversario"]
[WhiteTeamCountry "ESP"]
[BlackTeamCountry "ESP"]

1. d4 Nf6 2. c4 e6 3. Nc3 Bb4 4. e3 0-0 5. Bd3 d5 6. Nf3 b6 7. a3 Bxc3+ 8. bxc3 Ba6 9. cxd5 Qxd5 10. Bxa6 Nxa6 11. Qa4 Qb7 12. c4 c5 13. 0-0 Rac8 14. Bb2 Ne4 15. Rfd1 cxd4 16. exd4 Nd6 17. Nd2 Nc7 18. Qb3 b5 19. c5 Nf5 20. a4 b4 21. a5 Nd5 22. Qf3 Rfd8 23. Nc4 Qa6 24. Ne5 f6 25. Ng4 Qc4 26. Rdc1 Qb5 27. Qe4 Qe8 28. Ne3 Nfxe3 29. fxe3 Rc6 30. Qf3 f5 31. e4 fxe4 32. Qxe4 Qg6 33. Qxg6 hxg6 34. Re1 Kf7 35. Re5 Nf6 36. Re3 Ke7 37. Rg3 Kf7 38. Re3 Ra6 39. h3 Rb8 40. Rf3 Rb5 41. Rc1 Raxa5 42. c6 Rb8 43. Rc4 Rab5 44. d5 exd5 45. Rcf4 b3 46. Bxf6 gxf6 47. Rxf6+ Ke7 48. Rf7+ Kd6 49. c7 Rc8 50. Rf1 b2 51. R1f6+ Ke5 0-1

[Event "ESP-chT CECLUB Honor"]
[Site "Linares"]
[Date "2022.09.22"]
[Round "6.3"]
[White "Arizmendi Martinez, Julen Luis"]
[Black "Muzychuk, Anna"]
[Result "1-0"]
[WhiteElo "2488"]
[BlackElo "2526"]
[PlyCount "47"]
[EventDate "2022.09.17"]
[EventType "team-tourn"]
[EventRounds "7"]
[EventCountry "ESP"]
[SourceTitle "CBM 210 Extra"]
[Source "ChessBase"]
[SourceDate "2022.11.30"]
[SourceVersion "1"]
[SourceVersionDate "2022.11.30"]
[SourceQuality "1"]
[WhiteTeam "Andreu Paterna"]
[BlackTeam "Solvay"]
[WhiteTeamCountry "ESP"]
[BlackTeamCountry "ESP"]

1. d4 Nf6 2. c4 e6 3. Nc3 Bb4 4. e3 0-0 5. Bd3 c5 6. Nf3 d5 7. cxd5 cxd4 8. exd4 exd5 9. Ne5 Re8 10. 0-0 Nc6 11. Bf4 h6 12. Nb5 Re7 13. Rc1 a6 14. Rxc6 bxc6 15. Nxc6 Qb6 16. Nxe7+ Bxe7 17. Qe2 Bd8 18. Nc3 Qxd4 19. Be5 Qg4 20. Bxf6 Qxe2 21. Bxe2 Bxf6 22. Nxd5 Bxb2 23. Rb1 Be6 24. Nb6 1-0

[Event "ESP-chT CECLUB Honor"]
[Site "Linares"]
[Date "2022.09.19"]
[Round "3.4"]
[White "Perez Candelario, Manuel"]
[Black "Arizmendi Martinez, Julen Luis"]
[Result "1/2-1/2"]
[WhiteElo "2566"]
[BlackElo "2488"]
[PlyCount "101"]
[EventDate "2022.09.17"]
[EventType "team-tourn"]
[EventRounds "7"]
[EventCountry "ESP"]
[SourceTitle "CBM 210 Extra"]
[Source "ChessBase"]
[SourceDate "2022.11.30"]
[SourceVersion "1"]
[SourceVersionDate "2022.11.30"]
[SourceQuality "1"]
[WhiteTeam "Extremadura Magic"]
[BlackTeam "Andreu Paterna"]
[WhiteTeamCountry "ESP"]
[BlackTeamCountry "ESP"]

1. e4 e5 2. Nf3 Nc6 3. Bb5 a6 4. Ba4 Nf6 5. 0-0 Be7 6. Re1 b5 7. Bb3 d6 8. c3 Na5 9. Bc2 c5 10. d4 cxd4 11. cxd4 Bg4 12. dxe5 Bxf3 13. Qxf3 dxe5 14. Nc3 Nc6 15. Be3 Nd4 16. Bxd4 Qxd4 17. Bb3 0-0 18. Red1 Qa7 19. Nd5 Rad8 20. Rac1 Nxd5 21. Bxd5 Rd6 22. Rc2 Rf6 23. Qc3 Bd6 24. g3 g6 25. Qe3 Qxe3 26. fxe3 Bb8 27. Rf1 Rd6 28. Rfc1 Ba7 29. Kf2 Bb6 30. Ke2 Kg7 31. Rc8 Rxc8 32. Rxc8 f5 33. b4 fxe4 34. Bxe4 a5 35. a3 axb4 36. axb4 Bd8 37. Rc5 Kf6 38. h4 Rb6 39. g4 h6 40. Rc8 Ke7 41. h5 gxh5 42. gxh5 Ra6 43. Rb8 Rb6 44. Ra8 Kd7 45. Bf5+ Ke7 46. Kf3 Kf6 47. Ke4 Be7 48. Rg8 Kf7 49. Rg4 Bxb4 50. Kxe5 Bc3+ 51. Ke4 1/2-1/2

[Event "ESP-chT CECLUB Honor"]
[Site "Toledo"]
[Date "2021.10.16"]
[Round "6.2"]
[White "Llorente Zaro, Alfonso"]
[Black "Arizmendi Martinez, Julen Luis"]
[Result "1/2-1/2"]
[WhiteElo "2444"]
[BlackElo "2488"]
[PlyCount "98"]
[EventDate "2021.10.11"]
[EventType "team-tourn"]
[EventRounds "7"]
[EventCountry "ESP"]
[SourceTitle "CBM 204 Extra"]
[Source "ChessBase"]
[SourceDate "2021.11.30"]
[SourceVersion "1"]
[SourceVersionDate "2021.11.30"]
[SourceQuality "1"]
[WhiteTeam "Jaime Casas"]
[BlackTeam "Andreu Paterna"]
[WhiteTeamCountry "ESP"]
[BlackTeamCountry "ESP"]

1. d4 d5 2. Nf3 Nf6 3. Bf4 c5 4. e3 Nc6 5. Nbd2 e6 6. c3 Be7 7. h3 Bd6 8. Bb5 Bxf4 9. exf4 Qb6 10. Qa4 0-0 11. dxc5 Qxc5 12. 0-0 Bd7 13. Rac1 Nb8 14. Bxd7 Nbxd7 15. Rfe1 Rfc8 16. Ne5 Rc7 17. Nb3 Qb6 18. Nxd7 Rxd7 19. Rcd1 Rc8 20. Rd4 a6 21. Red1 Rdc7 22. Qb4 Qxb4 23. Rxb4 g6 24. Rdd4 Kf8 25. g4 Ke7 26. f3 Ne8 27. Rb6 Nd6 28. Na5 Rd7 29. a4 Rc5 30. Nb3 Rc4 31. Kf2 Rxd4 32. Nxd4 Rc7 33. Rb4 Rc4 34. Rxc4 Nxc4 35. b3 Nd6 36. Nc2 Nc8 37. Ke3 Kd6 38. Kd3 Ne7 39. Ne3 f6 40. b4 g5 41. Ng2 Ng6 42. Ke3 e5 43. f5 Nf4 44. Nxf4 gxf4+ 45. Kd3 b5 46. axb5 axb5 47. Ke2 Ke7 48. h4 Kf7 49. Kf2 h6 1/2-1/2

[Event "ESP-chT CECLUB Honor"]
[Site "Toledo"]
[Date "2021.10.13"]
[Round "3.2"]
[White "Alonso Rosell, Alvar"]
[Black "Arizmendi Martinez, Julen Luis"]
[Result "1-0"]
[WhiteElo "2570"]
[BlackElo "2488"]
[PlyCount "59"]
[EventDate "2021.10.11"]
[EventType "team-tourn"]
[EventRounds "7"]
[EventCountry "ESP"]
[SourceTitle "CBM 204 Extra"]
[Source "ChessBase"]
[SourceDate "2021.11.30"]
[SourceVersion "1"]
[SourceVersionDate "2021.11.30"]
[SourceQuality "1"]
[WhiteTeam "Silla Bosch Serinsys"]
[BlackTeam "Andreu Paterna"]
[WhiteTeamCountry "ESP"]
[BlackTeamCountry "ESP"]

1. d4 d5 2. c4 e6 3. Nc3 Nf6 4. cxd5 exd5 5. Bg5 c6 6. e3 Be7 7. Qc2 Nbd7 8. Bd3 h6 9. Bh4 Nh5 10. Bxe7 Qxe7 11. 0-0-0 Nb6 12. Nf3 Be6 13. Ne5 Nf6 14. f4 Ng4 15. Nxg4 Bxg4 16. Rde1 0-0-0 17. f5 f6 18. e4 Qb4 19. exd5 Nxd5 20. a3 Qa5 21. h3 Bh5 22. Nxd5 Qxd5 23. Bc4 Qxd4 24. g4 Be8 25. Re7 h5 26. Qb3 Bd7 27. Rd1 Qf4+ 28. Kb1 hxg4 29. Be6 gxh3 30. Rdxd7 1-0

[Event "La Nucia Blitz op"]
[Site "La Nucia"]
[Date "2020.10.31"]
[Round "5"]
[White "Arizmendi Martinez, Julen Luis"]
[Black "Marquez Ortiz de Zarate, Alberto"]
[Result "1-0"]
[WhiteElo "2509"]
[BlackElo "2326"]
[PlyCount "55"]
[EventDate "2020.10.31"]
[EventType "swiss (blitz)"]
[EventRounds "8"]
[EventCountry "ESP"]
[SourceTitle "EXT 2023"]
[Source "ChessBase"]
[SourceDate "2022.10.05"]
[SourceVersion "1"]
[SourceVersionDate "2022.10.05"]
[SourceQuality "1"]

1. e4 e5 2. Nf3 Nc6 3. Bb5 a6 4. Bxc6 dxc6 5. 0-0 Bd6 6. d4 exd4 7. Qxd4 f6 8. Be3 Ne7 9. Nbd2 Be6 10. Rfd1 Ng6 11. Nc4 Bxc4 12. Qxc4 Qe7 13. b4 0-0-0 14. Bc5 Rhe8 15. Bxd6 Rxd6 16. Rxd6 Qxd6 17. Re1 Ne5 18. Nxe5 Qxe5 19. g3 g5 20. Re3 h5 21. h3 h4 22. g4 Qf4 23. Kg2 f5 24. Qf7 Rxe4 25. Qf8+ Kd7 26. Rd3+ Ke6 27. Rf3 Qe5 28. Rxf5 1-0

[Event "La Nucia Blitz op"]
[Site "La Nucia"]
[Date "2020.10.31"]
[Round "8"]
[White "Cano Gimenez, Vicente"]
[Black "Arizmendi Martinez, Julen Luis"]
[Result "1/2-1/2"]
[WhiteElo "2285"]
[BlackElo "2509"]
[PlyCount "104"]
[EventDate "2020.10.31"]
[EventType "swiss (blitz)"]
[EventRounds "8"]
[EventCountry "ESP"]
[SourceTitle "EXT 2023"]
[Source "ChessBase"]
[SourceDate "2022.10.05"]
[SourceVersion "1"]
[SourceVersionDate "2022.10.05"]
[SourceQuality "1"]

1. Nf3 d5 2. g3 Nf6 3. Bg2 c5 4. 0-0 e6 5. d4 cxd4 6. Nxd4 e5 7. Nf3 Nc6 8. c4 d4 9. e3 Be7 10. exd4 exd4 11. Bf4 0-0 12. Ne5 Na5 13. Nd2 Qb6 14. Nb3 Nxb3 15. Qxb3 Nh5 16. Bd2 Bd6 17. Nd3 Bf5 18. Nb4 Nf6 19. Nd5 Nxd5 20. Bxd5 Rab8 21. Qxb6 axb6 22. a4 Rfc8 23. Rfe1 Rc7 24. a5 bxa5 25. Bxa5 Rcc8 26. Bb6 Bc5 27. Bxc5 Rxc5 28. b4 Rc7 29. Rad1 d3 30. b5 b6 31. f4 g6 32. Kf2 Kg7 33. Rd2 h5 34. h4 Rd8 35. Re3 Rc5 36. Re5 Kf8 37. Re1 Rd6 38. Ra1 Ke7 39. Ra7+ Rd7 40. Ra6 Rdxd5 41. cxd5 Rxb5 42. Ke3 Rxd5 43. Rxb6 Kf8 44. Rb3 Rc5 45. Ra3 Rc1 46. Raxd3 Bxd3 47. Rxd3 Ke7 48. Ke4 Rc4+ 49. Kf3 Kf6 50. Ra3 Rb4 51. Rc3 Ra4 52. Rb3 Rc4 1/2-1/2

[Event "La Nucia Blitz op"]
[Site "La Nucia"]
[Date "2020.10.31"]
[Round "6"]
[White "Salgado Lopez, Ivan"]
[Black "Arizmendi Martinez, Julen Luis"]
[Result "1-0"]
[WhiteElo "2587"]
[BlackElo "2509"]
[PlyCount "61"]
[EventDate "2020.10.31"]
[EventType "swiss (blitz)"]
[EventRounds "8"]
[EventCountry "ESP"]
[SourceTitle "EXT 2023"]
[Source "ChessBase"]
[SourceDate "2022.10.05"]
[SourceVersion "1"]
[SourceVersionDate "2022.10.05"]
[SourceQuality "1"]

1. e4 e6 2. d4 d5 3. Nc3 Be7 4. Bd3 c5 5. dxc5 Nf6 6. exd5 exd5 7. Nf3 0-0 8. 0-0 Nbd7 9. Na4 Qa5 10. Re1 Qxa4 11. Rxe7 Nxc5 12. b3 Qb4 13. Bd2 Qb6 14. Bc3 Nce4 15. Bxe4 dxe4 16. Bxf6 exf3 17. Bd4 Qd6 18. Re3 fxg2 19. Rg3 f6 20. c3 Bf5 21. Qf3 Bg6 22. h4 Qc6 23. Qg4 f5 24. Qf4 Rf7 25. Re1 Raf8 26. Rxg2 Bh5 27. Re3 Qd5 28. f3 Qc6 29. Kh2 Qd5 30. Rg5 Bg6 31. h5 1-0